00628nam a2200181Ia 4500952013700000999001300137003000400150005001700154008004100171040000900212082002500221100004300246245005800289260002300347300000900370650001100379942005600390 00102ddc40708QUR'ANaMESbMEScARBd2019-02-20g16.00l0o297.122594812 MAD/Tp7243r2019-02-20 00:00:00w2019-02-20yREFzU14R5 c193d193OSt20210827115602.0190216s9999||||xx |||||||||||||| ||und|| coclc a297.122594812bMAD/T aMaduhi, Moulana Ash Haihu Ahmed 98713 0aTafsirat Ahmadiyyh /cMoulana Ash Haihu Ahmed Maduhi bMoohim Publicaion, a504p aArabic cBK2ddch297.122594812iMAD/Tk297.122594812mMAD/T